| 000 | 01331nam a2200325 a 4500 | ||
|---|---|---|---|
| 001 | ebr10002100 | ||
| 003 | CaPaEBR | ||
| 006 | m u | ||
| 007 | cr cn||||||||| | ||
| 008 | 960814s1997 nju sb 001 0 eng | ||
| 010 | _z 96041003 | ||
| 020 | _z0691010803 (cl : alk. paper) | ||
| 040 |
_aCaPaEBR _cCaPaEBR |
||
| 035 | _a(OCoLC)614505530 | ||
| 050 | 1 | 4 |
_aQA76.9.C66 _bR62 1997eb |
| 082 | 0 | 4 |
_a303.48/34 _220 |
| 100 | 1 | _aRochlin, Gene I. | |
| 245 | 1 | 0 |
_aTrapped in the net _h[electronic resource] : _bthe unanticipated consequences of computerization / _cGene I. Rochlin. |
| 246 | 3 | 0 | _aUnanticipated consequences of computerization |
| 260 |
_aPrinceton, N.J. : _bPrinceton University Press, _cc1997. |
||
| 300 | _axvi, 293 p. | ||
| 504 | _aIncludes bibliographical references (p. [265]-284) and index. | ||
| 533 |
_aElectronic reproduction. _bPalo Alto, Calif. : _cebrary, _d2013. _nAvailable via World Wide Web. _nAccess may be limited to ebrary affiliated libraries. |
||
| 650 | 0 | _aComputers and civilization. | |
| 650 | 0 |
_aElectronic data processing _xSocial aspects. |
|
| 650 | 0 | _aComputer networks. | |
| 655 | 7 |
_aElectronic books. _2local |
|
| 710 | 2 | _aebrary, Inc. | |
| 856 | 4 | 0 |
_uhttp://site.ebrary.com/lib/rucke/Doc?id=10002100 _zAn electronic book accessible through the World Wide Web; click to view |
| 999 |
_c5362 _d5362 |
||